00548nam a2200193 a 4500001001300000003000900013005001700022008004100039020001000080082001700090100001900107245006000126260003400186300000900220500003500229505003300264650003800297700001900335nice12345678IN_TiNIC20260116015242.0050524s1981 newa grp 000 0 eng  ac10000a261.873bAUK aAukerman, Dale aDarkening Valley, a Biblical Perspective on Nuclear War aNew YorkbSeabury Pressc1981 a228p aincludes index and biblioraphy2 aSelected Bibliography, Notes aWar-Religious Aspect-Christianity1 aAukerman, Dale